000 00549nam a2200169 i 4500
001 bgj
100 1 _aBUCHWALD, Reinhard
_d(1884-1983).
245 1 0 _aSchiller :
_bErster Band : der junge Schiller : Mit vier Bildtafeln und dem Faksimile eine Briefes /
_cReinhard Buchwald.
260 _aWiesbaden :
_bInsel-Verlag,
_c1956.
300 _a451, [8], S. :
_bIll., Faksim., ;
_c22 cm.
600 1 9 _aSchiller, Friedrich, 1759-1805
655 _aBiographie
040 _cBPK
041 0 _ager
942 _cKS
008 s gw f |000 0 ger
999 _c50359
_d50359
856 _uhttp://koha.tu.koszalin.pl/cgi-bin/koha/opac-detail.pl?biblionumber=50359
_yKatalog online BPK